<?xml version="1.0" encoding="UTF-8"?><?xml-stylesheet type="text/xsl" href="static/style.xsl"?><OAI-PMH xmlns="http://www.openarchives.org/OAI/2.0/" xmlns:xsi="http://www.w3.org/2001/XMLSchema-instance" xsi:schemaLocation="http://www.openarchives.org/OAI/2.0/ http://www.openarchives.org/OAI/2.0/OAI-PMH.xsd"><responseDate>2026-04-17T02:32:44Z</responseDate><request verb="GetRecord" identifier="oai:www.recercat.cat:2117/449388" metadataPrefix="marc">https://recercat.cat/oai/request</request><GetRecord><record><header><identifier>oai:recercat.cat:2117/449388</identifier><datestamp>2026-04-15T07:58:31Z</datestamp><setSpec>com_2072_1033</setSpec><setSpec>col_2072_452950</setSpec></header><metadata><record xmlns="http://www.loc.gov/MARC21/slim" xmlns:dcterms="http://purl.org/dc/terms/" xmlns:xsi="http://www.w3.org/2001/XMLSchema-instance" xmlns:doc="http://www.lyncode.com/xoai" xsi:schemaLocation="http://www.loc.gov/MARC21/slim http://www.loc.gov/standards/marcxml/schema/MARC21slim.xsd">
   <leader>00925njm 22002777a 4500</leader>
   <datafield ind2=" " ind1=" " tag="042">
      <subfield code="a">dc</subfield>
   </datafield>
   <datafield ind2=" " ind1=" " tag="720">
      <subfield code="a">Velasco García, Manel</subfield>
      <subfield code="e">author</subfield>
   </datafield>
   <datafield ind2=" " ind1=" " tag="720">
      <subfield code="a">Zaplana Agut, Isiah</subfield>
      <subfield code="e">author</subfield>
   </datafield>
   <datafield ind2=" " ind1=" " tag="720">
      <subfield code="a">Dòria Cerezo, Arnau</subfield>
      <subfield code="e">author</subfield>
   </datafield>
   <datafield ind2=" " ind1=" " tag="720">
      <subfield code="a">Martí Colom, Pau</subfield>
      <subfield code="e">author</subfield>
   </datafield>
   <datafield ind2=" " ind1=" " tag="260">
      <subfield code="c">2025-06-30</subfield>
   </datafield>
   <datafield ind2=" " ind1=" " tag="520">
      <subfield code="a">Geometric Algebra (GA) provides a unified, compact mathematical framework for geometric computing, simplifying relations typically handled with more complex tools like matrix multiplication. In fields like robotics, GA replaces conventional coordinate-based approaches with the multiplication of special elements called rotors, offering greater efficiency. Despite its advantages, GA’s complexity and the lack of symbolic tools hinder its broader adoption among applied mathematicians and engineers. To address this, this article introduces Symbolic and User-friendly Geometric Algebra Routines (SUGAR), an open source Matlab toolbox. SUGAR streamlines GA usage in Matlab through a collection of user-friendly functions that support both numeric and symbolic computations, even in high-dimensional algebras. Designed for applied mathematics and engineering, it enables intuitive manipulation of geometric elements and transformations in two- and three-dimensional projective and conformal GAs, consistent with established computational methods. Moreover, SUGAR manages multivector functions such as exponential, logarithmic, sinusoidal, and cosine operations, enhancing its applicability in domains like robotics, control systems, and power electronics. Finally, this article also presents three validation examples across these fields, showcasing SUGAR’s practical utility in solving real-world engineering and applied mathematics problems.</subfield>
   </datafield>
   <datafield ind2=" " ind1=" " tag="520">
      <subfield code="a">The work of I. Zaplana was partially supported by the Spanish National Project PID2020-114819GB-I00 funded by MI- CIU/AEI/10.13039/501100011033 and by the Generalitat de Catalunya through the Project 2021 SGR 00375. The work of A. Dòria-Cerezo was partially supported by the Spanish National Project PID2021-122821NB-I00 funded by MI- CIU/AEI/10.13039/501100011033 and ERDF/EU and by the Generalitat de Catalunya through the Project 2021 SGR 00376. M. Velasco, J. Duarte, and P. Martí were partially supported by the Spanish National Project PID2021-122835OB-C21 funded by MICIU/AEI/10.13039/501100011033.</subfield>
   </datafield>
   <datafield ind2=" " ind1=" " tag="520">
      <subfield code="a">Peer Reviewed</subfield>
   </datafield>
   <datafield ind2=" " ind1=" " tag="520">
      <subfield code="a">Postprint (author's final draft)</subfield>
   </datafield>
   <datafield tag="653" ind2=" " ind1=" ">
      <subfield code="a">Àrees temàtiques de la UPC::Matemàtiques i estadística::Geometria::Geometria algebraica</subfield>
   </datafield>
   <datafield tag="653" ind2=" " ind1=" ">
      <subfield code="a">Àrees temàtiques de la UPC::Matemàtiques i estadística::Geometria::Geometria computacional</subfield>
   </datafield>
   <datafield tag="653" ind2=" " ind1=" ">
      <subfield code="a">Geometric algebra</subfield>
   </datafield>
   <datafield tag="653" ind2=" " ind1=" ">
      <subfield code="a">Symbolic computations</subfield>
   </datafield>
   <datafield tag="653" ind2=" " ind1=" ">
      <subfield code="a">High-dimensional systems</subfield>
   </datafield>
   <datafield tag="653" ind2=" " ind1=" ">
      <subfield code="a">Matlab</subfield>
   </datafield>
   <datafield tag="653" ind2=" " ind1=" ">
      <subfield code="a">Engineering</subfield>
   </datafield>
   <datafield ind2="0" ind1="0" tag="245">
      <subfield code="a">Symbolic and user-friendly geometric algebra routines (SUGAR) for computations in Matlab</subfield>
   </datafield>
</record></metadata></record></GetRecord></OAI-PMH>